000
00211 a2200097 4500
001
44388
100
_a
245
_a
Afganistan and Nepal
260
_a
Lahore
_b
Sang-e-Meel Publishers
_c
090
_c
28115
_d
28115
942
_a
NUST-CAE
_c
M
_c
20131
999
_c
279461
_d
279461